| 000 | 00758cam a2200241 04500 | ||
|---|---|---|---|
| 001 | 44774 | ||
| 090 | _a44774 | ||
| 100 | _a19861101d1986 m y0pory5003 ba | ||
| 101 | 1 | _apor | |
| 102 | _aPT | ||
| 200 | 1 |
_aA mensagem no carvalho oco _fCarolyn Keene _gtrad. Maria da Assuncão Beja Neves _gil. Júlio Gil |
|
| 210 | 9 |
_aLisboa _cVerbo, _dimp. 1986 |
|
| 215 |
_a215 p. _cil. _d19 cm |
||
| 225 | 2 |
_a?Os ?inquéritos de Nancy _v12 |
|
| 304 | _aTít. orig. The message in the hallow Oak | ||
| 675 |
_a087.5 _vBN _zpor |
||
| 675 |
_a821.111(73)-93"19" _vBN _zpor |
||
| 675 |
_a821.111(73)-311.3"19" _vBN _zpor |
||
| 700 | 1 |
_aKeene, _bCarolyn, |
|
| 702 | 1 |
_aNeves, _bMaria da Assun—cão Beja _4730 |
|
| 702 | 1 |
_aGil, _bJúlio, _f1924-2004 _4440 |
|
| 801 | 0 |
_aPT _bBN _gRPC |
|
| 990 | _cLIVROS | ||